| 000 | 00439nam a2200169Ia 4500 | ||
|---|---|---|---|
| 008 | 121219t2003 xxu||||| |||| 00| 0 sin d | ||
| 041 | _asin | ||
| 080 |
_aX8S31 _bSAM |
||
| 100 | _aSamarakoon, Saman Kumari | ||
| 245 | _aසුදු අරලියා | ||
| 246 | _aSudu Araliya | ||
| 260 |
_bSenarath Publishers _aHomagama _c2003 |
||
| 300 | _a216p., 18 cm | ||
| 942 | _cBK | ||
| 999 |
_c72143 _d72143 |
||
| 003 | LK-CoDNM | ||
| 040 |
_aLK-CoDNM _dLK-CoDNM _eLK-CoDNM |
||